01108nab a22002177a 4500003000400000005001700004008004100021040000700062100002700069245013900096260007300235300001500308500002800323505019100351505008200542650001800624650003600642650002600678700003700704773014900741OSt20251219110310.0190429b xxu||||| |||| 00| 0 spa d cPJ aAdamoli, María Laura10aResponsabilidad civil y penal de los padres o tutores sobre los menores delincuentes /cMaría Laura Adamoli, Ignacio E. Ballesteros. cCiudad Autónoma de Buenos Aires :aThomson Reuters La Ley, b2025. ap. 171-176 aCita: AR/DOC/1062/2025. aSumario: I. Introducción.— II. Límites a la responsabilidad penal de los padres o tutores.— III. Conclusión.— IV. Conclusión sobre la responsabilidad penal de los padres.  tSi te interesa el texto completo, solicitalo a koha@justierradelfuego.gov.ar  0aDERECHO PENAL 0aRÉGIMEN PENAL DE LA MINORIDAD 0aRESPONSABILIDAD CIVIL aBallesteros, Ignacio E.ecoautor0 02658tRevista de derecho penal y criminología. Nº 5 - Junio 2025dCiudad Autónoma de Buenos Aires : Thomson Reuters La Ley, 2017-x00347914